| Tag |
First Indicator |
Second Indicator |
Subfields |
| LEADER |
00000cam a2200000 4500 |
| 001 |
in00000093297 |
| 005 |
20150927070132.0 |
| 008 |
800404s1965 enka b 10010 eng d |
| 035 |
|
|
|a (OCoLC)06167897
|
| 035 |
|
|
|9 AAL5135AM
|
| 040 |
|
|
|a TXA
|c TXA
|d UtOrBLW
|
| 049 |
|
|
|a TXAM
|c 1 [639051]
|c 2 [1202506]
|
| 090 |
|
|
|a TP156.E8
|b I5 1965a
|
| 111 |
2 |
|
|a International Conference on the Chemistry of the Solvent Extraction of Metals
|d (1965 :
|c Harwell, Eng.; Sellafield, Eng.)
|
| 245 |
1 |
0 |
|a Solvent extraction chemistry of metals :
|b proceedings of the International Conference sponsored by the United Kingdom Atomic Energy Authority, 27-30 September, 1965 /
|c edited by H. A. C. McKay, T. V. Healy, I. L. Jenkins [and] A. Naylor.
|
| 264 |
|
1 |
|a London :
|b Macmillan,
|c [1965]
|
| 264 |
|
4 |
|c [©1965]
|
| 300 |
|
|
|a xvi, 456 pages :
|b tables, diagrams
|
| 336 |
|
|
|a text
|b txt
|2 rdacontent
|
| 337 |
|
|
|a unmediated
|b n
|2 rdamedia
|
| 338 |
|
|
|a volume
|b nc
|2 rdacarrier
|
| 500 |
|
|
|a "Held at the Atomic Energy Research Establishment, Harwell, Berkshire on September 27-29, 1965, and at the Windscale and Calder Works, Cumberland, on September 30, 1965."
|
| 504 |
|
|
|a Includes bibliographies.
|
| 650 |
|
0 |
|a Extraction (Chemistry)
|v Congresses.
|
| 650 |
|
0 |
|a Metals
|v Congresses.
|
| 700 |
1 |
|
|a McKay, H. A. C.
|q (Herbert Alwyn Cochrane),
|d 1913-
|
| 710 |
2 |
|
|a United Kingdom Atomic Energy Authority.
|
| 710 |
2 |
|
|a Atomic Energy Research Establishment (Harwell, England)
|
| 999 |
|
|
|a MARS
|
| 999 |
f |
f |
|s ee910a24-f386-30b9-a4b6-e0ba07e90598
|i 41cb2d28-f6be-3fbe-9b52-899a12fdf0eb
|t 0
|
| 952 |
f |
f |
|p ric
|a Texas A&M University
|b Rellis Campus
|c Joint Library Facility
|d Remote Storage
|t 0
|e TP156.E8 I5 1965a
|h Library of Congress classification
|i unmediated -- volume
|m A14805598584
|
| 998 |
f |
f |
|a TP156.E8 I5 1965a
|t 0
|l Remote Storage
|